00269 a2200121 4500001000700000020000600007040001100013100002300024240004400047245003900091362000900130440000800139168728 a  cMagnum aGiovanni, Jose Ruy10aMatematica: uma nova abordagem/v.1lpor10aMatematica: uma nova abordagem/v.10 a1899 1aFTD